<?xml version="1.0" encoding="UTF-8"?><?xml-stylesheet type="text/xsl" href="static/style.xsl"?><OAI-PMH xmlns="http://www.openarchives.org/OAI/2.0/" xmlns:xsi="http://www.w3.org/2001/XMLSchema-instance" xsi:schemaLocation="http://www.openarchives.org/OAI/2.0/ http://www.openarchives.org/OAI/2.0/OAI-PMH.xsd"><responseDate>2026-04-27T20:12:18Z</responseDate><request verb="GetRecord" identifier="oai:uvadoc.uva.es:10324/83254" metadataPrefix="marc">https://uvadoc.uva.es/oai/request</request><GetRecord><record><header><identifier>oai:uvadoc.uva.es:10324/83254</identifier><datestamp>2026-03-02T20:01:56Z</datestamp><setSpec>com_10324_1142</setSpec><setSpec>com_10324_931</setSpec><setSpec>com_10324_894</setSpec><setSpec>col_10324_1258</setSpec></header><metadata><record xmlns="http://www.loc.gov/MARC21/slim" xmlns:doc="http://www.lyncode.com/xoai" xmlns:xsi="http://www.w3.org/2001/XMLSchema-instance" xmlns:dcterms="http://purl.org/dc/terms/" xsi:schemaLocation="http://www.loc.gov/MARC21/slim http://www.loc.gov/standards/marcxml/schema/MARC21slim.xsd">
<leader>00925njm 22002777a 4500</leader>
<datafield tag="042" ind1=" " ind2=" ">
<subfield code="a">dc</subfield>
</datafield>
<datafield tag="720" ind1=" " ind2=" ">
<subfield code="a">Lobo de Diego, Félix Enrique</subfield>
<subfield code="e">author</subfield>
</datafield>
<datafield tag="720" ind1=" " ind2=" ">
<subfield code="a">Manrique Arribas, Juan Carlos</subfield>
<subfield code="e">author</subfield>
</datafield>
<datafield tag="720" ind1=" " ind2=" ">
<subfield code="a">Pérez-Brunicardi, Dario</subfield>
<subfield code="e">author</subfield>
</datafield>
<datafield tag="260" ind1=" " ind2=" ">
<subfield code="c">2022</subfield>
</datafield>
<datafield tag="520" ind1=" " ind2=" ">
<subfield code="a">Este estudio analizó la calidad educativa de un programa de deporte escolar municipal extracurricular a partir de la percepción de las personas implicadas en su desarrollo y sus escolares participantes. Para ello, se realizó una investigación cualitativa en la que se realizaron entrevistas en profundidad tras haber sido validados los guiones de las preguntas por expertos en materia de deporte escolar. Se realizaron entrevistas a 83 informantes entre escolares y sus familiares, monitores y coordinadores del programa. Con la información obtenida se realizó un análisis de contenido en torno a tres dimensiones de análisis: 1) Participación, relaciones sociales y actitudes de los participantes, 2) Aprendizajes deportivos y promoción de hábitos saludables y estilo de vida activo, y 3) Transferencia a otros contextos, mediante el software Atlas.ti. Los resultados mostraron que se promovía la participación e igualdad de los participantes, se desarrollaba una educación en valores, los escolares estaban integrados y las interacciones sociales eran positivas, se promovían hábitos de práctica regular de actividad física, se desarrollaban aprendizajes, y lo adquirido en el programa tenía transferencia a otros contextos. Se concluyó que la calidad educativa del programa se sustenta en la satisfacción de sus participantes en consonancia con la consecución de sus fines y su coherencia con la educación física escolar.</subfield>
</datafield>
<datafield tag="024" ind2=" " ind1="8">
<subfield code="a">Apunts. Educación Física y Deporte. 150, p. 28-35.</subfield>
</datafield>
<datafield tag="024" ind2=" " ind1="8">
<subfield code="a">ISSN: 2014-0983</subfield>
</datafield>
<datafield tag="024" ind2=" " ind1="8">
<subfield code="a">https://uvadoc.uva.es/handle/10324/83254</subfield>
</datafield>
<datafield tag="024" ind2=" " ind1="8">
<subfield code="a">https://doi.org/10.5672/apunts.2014-0983.es.(2022/4).150.04</subfield>
</datafield>
<datafield tag="024" ind2=" " ind1="8">
<subfield code="a">28</subfield>
</datafield>
<datafield tag="024" ind2=" " ind1="8">
<subfield code="a">150</subfield>
</datafield>
<datafield tag="024" ind2=" " ind1="8">
<subfield code="a">35</subfield>
</datafield>
<datafield ind1=" " ind2=" " tag="653">
<subfield code="a">Deporte escolar, aprendizaje deportivo</subfield>
</datafield>
<datafield tag="245" ind1="0" ind2="0">
<subfield code="a">Calidad educativa percibida de un programa de deporte escolar municipal. Perceived Educational Quality of a Municipal School Sports Programme</subfield>
</datafield>
</record></metadata></record></GetRecord></OAI-PMH>